| 000 | 00367nam a2200157Ia 4500 | ||
|---|---|---|---|
| 008 | 210716s2002 xx 000 0 und d | ||
| 020 | _a0380813793 | ||
| 041 | _aeng | ||
| 082 | _a808.83 PERK | ||
| 100 | _aPerrin, Kayla. | ||
| 245 | _aSay you need me. | ||
| 250 | _a1 | ||
| 260 |
_aNew York _bHarper Collins Publisher _c2002 |
||
| 300 | _a372 | ||
| 650 | _aNovels | ||
| 999 |
_c203466 _d203466 |
||